The gospel according to Sayyid Ahmad Khan (1817-1898) : an annotated translation of Tabyīn al-kalām (part 3) /

"The Gospel According to Sayyid Ahmad Khan (1817-1898) offers an annotated translation of Tabyīn al-kalām (Part 3), a commentary on the Gospel of St. Matthew (Chapters 1-5) by one of South Asia's most innovative public thinkers. Broadly known for his modernist interpretation of Islam, Sayy...

وصف كامل

محفوظ في:

المؤلفون الرئيسيون: Troll, Christian W., 1937- (مؤلف), Mughal, Mahboob Basharat (مؤلف), Ramsey, Charles M. (مؤلف)

مؤلفون آخرون: Aḥmad K̲h̲ān̲, Sayyid, Sir, 1817-1898.

التنسيق: كتاب الكتروني

اللغة: English
Urdu

منشور في: Leiden Boston : BRILL, 2020.

سلاسل: The History of Christian-Muslim Relations; volume 38.
Middle East and Islamic Studies E-Books Online, Collection 2020, ISBN: 9789004405868.

الموضوعات:

الوصول للمادة أونلاين: Login to view Source

الوسوم: إضافة وسم

لا توجد وسوم, كن أول من يضع وسما على هذه التسجيلة!

رقم الطلب: BS518.U7 A3613 2020

LEADER 04112cam a22005778i 4500
001 BRILL9789004417724
003 nllekb
005 20211118221957.0
006 m d
007 cr un uuuua
008 200124s2020 mau b 001 0 eng
020 |a 9789004417724  |q (electronic book) 
020 |z 9789004417656  |q (print) 
024 7 |a 10.1163/9789004417724  |2 DOI 
035 |a (OCoLC)1137815175 
040 |a NL-LeKB  |c NL-LeKB  |e rda 
041 1 |a eng  |h urd 
050 0 0 |a BS518.U7  |b A3613 2020 
072 7 |a HRAF  |2 bicssc 
072 7 |a REL  |x 25000  |2 bisacsh 
072 7 |a REL  |x 17000  |2 bisacsh 
082 0 0 |a 226.2/07  |2 23 
100 1 |a Troll, Christian W.,  |d 1937-  |e author. 
245 1 4 |a The gospel according to Sayyid Ahmad Khan (1817-1898) :  |b an annotated translation of Tabyīn al-kalām (part 3) /  |c edited and translated by Christian W. Troll, Charles M. Ramsey, Mahboob Basharat Mughal. 
264 1 |a Leiden Boston :  |b BRILL,  |c 2020. 
300 |a 1 online resource. 
336 |a text  |b txt  |2 rdacontent 
337 |a unmediated  |b n  |2 rdamedia 
338 |a volume  |b nc  |2 rdacarrier 
490 1 |a The History of Christian-Muslim Relations;  |v volume 38 
490 1 |a Middle East and Islamic Studies E-Books Online, Collection 2020, ISBN: 9789004405868 
504 |a Includes bibliographical references and index. 
505 0 |a Introduction to the project -- Critical Edition and Translation: A brief history of the Christian religion until the emergence of the Muslim religion -- The Gospel of Matthew -- Critical Commentary on the Gospel of Matthew, Chapter 1 -- Critical Commentary on the Gospel of Matthew, Chapter 2 -- Critical Commentary on the Gospel of Matthew, Chapter 3 -- Critical Commentary on the Gospel of Matthew, Chapter 4 -- Critical Commentary on the Gospel of Matthew, Chapter 5 -- Bibliography -- Index. 
520 |a "The Gospel According to Sayyid Ahmad Khan (1817-1898) offers an annotated translation of Tabyīn al-kalām (Part 3), a commentary on the Gospel of St. Matthew (Chapters 1-5) by one of South Asia's most innovative public thinkers. Broadly known for his modernist interpretation of Islam, Sayyid Ahmad Khan (1817-1898) appears here as a contemplative mystic who is determined to show the interrelated nature of the Bible and Qur'ān, and the affinity of Christian and Muslim scriptural exegesis. Uncommon in the history of Christian-Muslim relations, Sayyid Ahmad Khan presents what can only be described as a serious reading of the Gospel. The work includes an extensive introduction to the early Church in general, and the development of the Trinitarian doctrine in particular. Never before presented in English, the text sheds important new light upon the spiritual and intellectual journey of this leading modern interpreter". 
546 |a Translated from Urdu. 
600 1 0 |a Aḥmad K̲h̲ān̲, Sayyid,  |c Sir,  |d 1817-1898.  |t Tabaʼīn al-kalām fī tafsīr al-Taurāt wa al-Injīl ʻalá millat-i al-Islām. 
630 0 0 |a Bible  |x Islamic interpretations. 
630 0 0 |a Bible.  |p Matthew, I-IV  |x Criticism, interpretation, etc. 
630 0 0 |a Bible.  |p Matthew, V  |x Criticism, interpretation, etc. 
650 0 |a Christianity and other religions  |x Islam. 
650 0 |a Islam  |x Relations  |x Christianity. 
700 1 |a Mughal, Mahboob Basharat,  |e author. 
700 1 |a Ramsey, Charles M.,  |e author. 
700 1 2 |a Aḥmad K̲h̲ān̲, Sayyid,  |c Sir,  |d 1817-1898.  |t Tabaʼīn al-kalām fī tafsīr al-Taurāt wa al-Injīl ʻalá millat-i al-Islām.  |k Selections.  |l English. 
776 0 8 |i Print version:  |t The gospel according to Sayyid Ahmad Khan (1817-1898): an annotated translation of Tabyīn al-kalām (part 3),   |d Leiden Boston: BRILL, 2020  |w 9789004417656 
830 0 |a The History of Christian-Muslim Relations;  |v volume 38. 
830 0 |a Middle East and Islamic Studies E-Books Online, Collection 2020, ISBN: 9789004405868. 
856 4 |z DOI:   |u http://dx.doi.org/10.1163/9789004417724 
942 |2 lcc  |c EBOOK 
952 |0 0  |1 0  |2 lcc  |4 0  |7 1  |9 22760  |a BRILL  |b BRILL  |d 2021-11-18  |l 0  |r 2021-11-18 00:00:00  |w 2021-11-18  |y EBOOK 
999 |c 40234  |d 40234